[Event "POL-chT 1st League 2020"]
[Site "Ustron"]
[Date "2020.09.11"]
[Round "7.30"]
[White "Starosta, Martyna"]
[Black "Kucharska, Honorata"]
[Result "1-0"]
[WhiteElo "2038"]
[BlackElo "2237"]
[Annotator "TA"]
[PlyCount "135"]
[EventDate "2020.09.05"]
[EventType "team-tourn"]
[EventCountry "POL"]
[SourceTitle "playchess.com"]
[Source "ChessBase"]
[SourceQuality "1"]
[WhiteTeam "UKS RODLO Opole"]
[BlackTeam "MKSz Rybnik"]

{[%evp 16,135,44,16,47,16,37,0,-19,-62,-53,-64,-60,-72,-47,-43,-51,-98,-88,-88,-83,-79,-53,-82,-77,-76,-39,-49,-33,-33,-33,-41,-21,-33,-19,-37,-33,-33,-32,-26,0,-12,0,-21,-24,-39,-20,-39,-49,-43,-43,-34,0,0,0,0,0,0,0,0,0,-58,-58,-58,-58,-67,-68,-55,-72,-172,-45,-46,-46,-46,-8,-22,0,0,0,0,0,0,0,0,167,166,152,147,343,159,791,680,663,648,2208,1033,964,1078,1043,945,1720,1424,29968,29968,29963,29953,29970,29971,29971,190,197,205,29977,29978,29982,29983,29983,29984,29983,29970,5102,5088]} 1. e4 d6 2. d4 Nf6 3. Nc3 e5 4. Nf3 Nbd7 5. Bc4 Be7 6. O-O O-O 7. a4 a5 8. Re1 c6 9. Ba2 Qc7 {C41: Philidor Defence.} 10. Nh4 exd4 {[#]} 11. Qxd4 $146 (11. Nf5 $14 dxc3 12. Nxe7+ Kh8 13. Nf5) ({Predecessor:} 11. Nf5 dxc3 12. Nxe7+ Kh8 13. Nf5 d5 14. exd5 cxd5 15. bxc3 Nb6 16. Qf3 Nxa4 17. Be3 Qxc3 {1-0 (39) Vrublevskaya,O (2157)-Melnikov,D (2305) St Petersburg 2005}) 11... Nc5 $11 {The position is equal.} 12. Nf5 Bxf5 $1 13. exf5 d5 14. Bf4 Bd6 15. Bxd6 Qxd6 16. Re3 Rae8 17. Rae1 Rxe3 18. Rxe3 Re8 19. Bc4 Rxe3 20. fxe3 Nce4 21. Be2 h6 22. Nxe4 Nxe4 23. Bf3 Nf6 (23... c5 {looks sharper.} 24. Qd3 c4 25. Qd4 Qb4 26. h3 Qe1+) 24. Qc3 b6 25. b3 c5 26. g3 Kf8 27. Kg2 d4 28. Qd3 Qe5 29. e4 Nd7 30. Qa6 Ke7 31. Qb5 Qd6 32. Be2 Ne5 33. Qa6 Qc6 34. Bd3 g6 {...gxf5 is the strong threat.} 35. fxg6 Nxg6 36. Qa7+ Kf8 37. Qb8+ Kg7 38. g4 (38. h4 $11) 38... Qf6 $15 {Threatens to win with ...Ne5.} 39. Qg3 Qg5 40. h3 Qd2+ 41. Kg1 Nf4 42. Qf3 {[#]} (42. g5 $17 {was called for.}) 42... Qe3+ ({Black should try} 42... Kf6 $1 $19 {Hoping for ...Kg5.} 43. Qg3 Ke6 44. Bc4+ Ke5) 43. Qxe3 dxe3 {[%mdl 4096] Endgame KB-KN} 44. e5 $1 Nxh3+ 45. Kg2 Ng5 46. Kg3 f6 47. exf6+ Kxf6 {And now ...Ke5 would win.} 48. Kf4 Nf7 49. Kxe3 Kg5 $2 {[#]} (49... Ne5 $11 {and Black is okay.} 50. Kf4 Nxd3+ 51. cxd3 Ke6) 50. Ke4 $1 $18 Kxg4 51. Be2+ Kg3 $2 (51... Kg5 $16) 52. Kd5 (52. Bh5 $18 {is the precise move to win.} Nd8 53. Kd5) 52... Kf2 $2 {This move loses the game for Black.} (52... Kf4 $16) 53. Bh5 Nd8 54. Kd6 Ke3 {intending ...Kd2.} 55. Kc7 (55. Kd7 $142 Ne6 56. Kxe6) 55... Ne6+ 56. Kxb6 Kd2 57. Bg6 Nd4 58. Kxa5 Nxc2 59. Kb6 Nb4 60. Kxc5 Kc3 61. Bf7 h5 62. a5 $2 (62. Bxh5 {mates} Nd3+ 63. Kb5 Nf4 64. a5 Nd5 65. Bf7 Nc7+ 66. Kb6 Na8+ 67. Kb7) 62... h4 63. Be6 h3 $2 (63... Na6+ $18 64. Kb6 Nb8) 64. Bxh3 Kxb3 65. Kb5 Kc3 66. Be6 Nc2 67. a6 Nd4+ 68. Kb6 {Accuracy: White = 71%, Black = 58%.} 1-0

[Event "POL-chT 1st League 2020"]
[Site "Ustron"]
[Date "2020.09.12"]
[Round "8.1"]
[White "Kolago, Marcin"]
[Black "Cukrowski, Filip"]
[Result "1/2-1/2"]
[WhiteElo "2342"]
[BlackElo "2406"]
[Annotator "TA"]
[PlyCount "58"]
[EventDate "2020.09.05"]
[EventType "team-tourn"]
[EventCountry "POL"]
[SourceTitle "playchess.com"]
[Source "ChessBase"]
[SourceQuality "1"]
[WhiteTeam "SSz Gminy Pawlowice"]
[BlackTeam "UKS RODLO Opole"]

{[%evp 16,58,31,27,34,20,46,21,59,45,77,27,23,23,27,13,23,4,25,42,37,34,27,37,33,36,46,-2,-9,-25,-29,-23,-14,-128,-24,-30,-42,-100,-92,-91,-65,-152,-104,-173,-156]} 1. c4 Nf6 2. g3 g6 3. Bg2 Bg7 4. Nc3 O-O 5. e4 d6 6. Nge2 c5 7. O-O Nc6 {[%cal Bb8c6,Bc6d4,Bd4f5][%mdl 32]} 8. Rb1 Bd7 9. d3 Ne8 {A36: Symmetrical English vs ...g6: 4 Bg2 Bg7.} 10. f4 f5 {[#]} 11. Be3 $146 ({Predecessor:} 11. a3 Nf6 12. h3 Rb8 13. Kh2 a5 14. Be3 e5 15. Qd2 Nd4 16. b4 axb4 17. axb4 {1-0 (56) Margolit,R (2312)-Kurukin,D (2164) Moscow 2007}) 11... Nd4 {The position is equal.} 12. b4 b6 13. exf5 Nxf5 14. Bf2 Rc8 15. b5 Nc7 16. Qd2 Be6 17. g4 Nd4 18. Nxd4 cxd4 19. Ne2 {f5 is the strong threat.} d5 20. f5 gxf5 21. gxf5 Bxf5 {[#] Strongly threatening ...dxc4.} 22. cxd5 e5 $36 {[%mdl 2048] White must now prevent ...Qd7. Black fights for an advantage.} 23. dxe6 $1 Nxe6 24. Rb4 (24. Ng3 $11) 24... Qd6 (24... h5 $17 25. h3 Bg6) 25. Bg3 $11 Qe7 26. a3 (26. Rbb1 $15) 26... h5 $17 27. Bf2 {[%cal Re2d4]} Rcd8 28. Ng3 ({Better is} 28. Re1 $15) 28... Bg6 {Hoping for ...Nf4.} 29. Be4 (29. Qa2 $17 {was worth a try.}) 29... Bxe4 {Accuracy: White = 49%, Black = 58%.} 1/2-1/2

[Event "POL-chT 1st League 2020"]
[Site "Ustron"]
[Date "2020.09.12"]
[Round "8.2"]
[White "Pacan-Milej, Kosma"]
[Black "Wiewiora, Eneasz"]
[Result "1-0"]
[WhiteElo "2420"]
[BlackElo "2346"]
[Annotator "TA"]
[PlyCount "53"]
[EventDate "2020.09.05"]
[EventType "team-tourn"]
[EventCountry "POL"]
[SourceTitle "playchess.com"]
[Source "ChessBase"]
[SourceQuality "1"]
[WhiteTeam "UKS RODLO Opole"]
[BlackTeam "SSz Gminy Pawlowice"]

{[%evp 22,53,32,17,10,1,0,0,0,0,5,0,57,54,115,78,116,108,152,150,158,152,172,169,342,301,952,883,1069,1030,1008,982,29992,29993]} 1. d4 Nf6 2. c4 e6 3. Nc3 d5 4. cxd5 exd5 5. Bg5 Nbd7 6. e3 c6 7. Bd3 Be7 8. Qc2 Nh5 9. Bxe7 Qxe7 10. O-O-O Nb6 11. h3 g6 12. Nf3 Be6 {D36: Queen's Gambit Declined: Exchange Variation: Main line (5 Bg5 c6 6 Qc2).} 13. Kb1 O-O-O 14. Na4 Nxa4 {The position is equal.} 15. Qxa4 Kb8 16. Rc1 Rc8 {[#]} (16... Nf6 $11) 17. Rc3 $146 {[%cal Bc1c3,Bc3a3,Ba3b3,Bb3b5,Bb5c5][%mdl 2080] White has good play.} ({Predecessor:} 17. Ka1 Rhd8 18. Rc3 Rc7 19. Ra3 b6 20. Ne5 Qd6 21. Rc1 c5 22. Bb5 Ka8 23. Bc6+ Kb8 24. dxc5 Qxe5 25. cxb6 {1-0 (25) Kharitonov,A (2538)-Kekki,P (2365) Rethymno 2012}) 17... Rc7 (17... Bf5 $14) 18. Rhc1 Bd7 19. Ra3 b5 20. Qa5 Rhc8 21. Rb3 Ka8 22. Rxb5 Bxh3 $2 {[#]} (22... Bf5 {was called for.} 23. Rb3 Bxd3+ 24. Rxd3 Qe4) 23. Rbc5 $1 $18 Bxg2 $2 (23... Bf5) 24. Ne5 Be4 25. Bxe4 dxe4 26. Nxc6 Qd6 27. Nxa7 {White took control after the opening. Accuracy: White = 92%, Black = 30%.} 1-0

[Event "POL-chT 1st League 2020"]
[Site "Ustron"]
[Date "2020.09.12"]
[Round "8.3"]
[White "Zezulkin, Jurij"]
[Black "Licznerski, Lukasz"]
[Result "1-0"]
[WhiteElo "2410"]
[BlackElo "2377"]
[Annotator "TA"]
[PlyCount "77"]
[EventDate "2020.09.05"]
[EventType "team-tourn"]
[EventCountry "POL"]
[SourceTitle "playchess.com"]
[Source "ChessBase"]
[SourceQuality "1"]
[WhiteTeam "SSz Gminy Pawlowice"]
[BlackTeam "UKS RODLO Opole"]

{[%evp 14,77,15,0,12,12,20,11,14,0,0,-14,0,-12,-8,-12,0,0,0,0,-4,-33,-27,-37,-17,-106,-101,-171,-27,-24,-29,-29,-24,-19,-23,-29,-23,-35,-17,-18,-18,-18,-17,-19,-17,-18,-20,-20,0,0,0,0,0,0,0,0,0,0,0,0,299,294,5389,5097,679,677]} 1. e4 c5 2. Nf3 Nc6 3. Nc3 g6 4. d4 cxd4 5. Nxd4 Bg7 6. Be3 Nf6 7. Bc4 O-O 8. Bb3 Re8 {B35: Sicilian: Accelerated Dragon with 5 Nc3: main line.} 9. h3 d6 10. O-O Na5 {The position is equal.} 11. f4 b6 12. e5 Nxb3 13. axb3 dxe5 {[#]} 14. Ndb5 $146 ({Predecessor:} 14. fxe5 Nd5 15. Qf3 Nxe3 16. Qxe3 Bb7 17. Rae1 Qc7 18. Ndb5 Qc6 19. Rf2 a6 20. Nd4 {½-½ (53) Lomasov,S (2540)-Lie,K (2537) Porto Carras 2018}) 14... Nh5 15. Qf3 e4 16. Qxe4 Bf5 17. Qf3 {[#] aiming for g4.} Bxc2 18. g4 Bxc3 19. bxc3 (19. Nxc3 $11 Nf6 20. Ra3) 19... Nf6 $17 20. Nxa7 (20. c4 $17) 20... Bxb3 ({Better is} 20... Be4 $19 21. Qd1 Qb8) 21. Nc6 $11 Bd5 22. Nxd8 Bxf3 23. Rxa8 Bxa8 24. Bxb6 Nd5 25. Ba5 {[#]} Nxc3 $1 {[%mdl 512]} 26. Nxf7 (26. Bxc3 Rxd8) 26... Ne2+ 27. Kf2 Nxf4 28. Kg3 e5 29. Nh6+ $1 Kg7 30. g5 Bd5 {And now ...Rb8 would win.} 31. Bc7 Ne2+ 32. Kh4 Nd4 33. Rd1 Nf3+ 34. Kg4 Bc6 35. Rd6 Nd4 36. Bb6 Bf3+ $2 {[%mdl 8192]} (36... Bb5 $11 {and Black stays safe.}) 37. Kg3 $18 Be4 $2 (37... Bc6 38. Bxd4 exd4 39. Rxc6 Kf8) 38. Rd7+ Kh8 39. Rxd4 $1 {Accuracy: White = 90%, Black = 75%.} 1-0

[Event "POL-chT 1st League 2020"]
[Site "Ustron"]
[Date "2020.09.12"]
[Round "8.4"]
[White "Godzwon, Iwo"]
[Black "Rawicz, Karol"]
[Result "1-0"]
[WhiteElo "2317"]
[BlackElo "2225"]
[Annotator "NA RC"]
[PlyCount "67"]
[EventDate "2020.09.05"]
[EventType "team-tourn"]
[EventCountry "POL"]
[SourceTitle "playchess.com"]
[Source "ChessBase"]
[SourceQuality "1"]
[WhiteTeam "UKS RODLO Opole"]
[BlackTeam "SSz Gminy Pawlowice"]
[TimeControl "40/5400+30:1800+30"]

1. e4 {[%emt 0:00:00]} d5 {[%emt 0:00:00]} 2. exd5 {[%emt 0:00:00]} Qxd5 {[%emt 0:00:00]} 3. Nc3 {[%emt 0:00:00]} Qa5 {[%emt 0:00:00]} 4. d4 {[%emt 0:00:26]} Nf6 {[%emt 0:00:00]} 5. Bd2 {[%emt 0:04:52]} Qb6 {[%emt 0:01:47]} 6. Nf3 {[%emt 0:00:54]} Bg4 {[%emt 0:09:51] B01: Scandinavian Defence.} 7. h3 {[%emt 0:09:05]} Bxf3 {[%emt 0:02:05]} 8. Qxf3 {[%emt 0:00:04]} c6 {[%emt 0:00:30]} 9. O-O-O {[%emt 0:03:43]} e6 {[%emt 0:01:34]} 10. g4 {[%emt 0:10:00]} Nbd7 {[%emt 0:06:28]} 11. g5 {[%emt 0:00:04]} Nd5 {[%emt 0:00:13]} 12. Nxd5 {[%emt 0:00:36]} cxd5 {[%emt 0:00:34]} 13. c3 {[%emt 0:02:15]} Rc8 {[%emt 0:09:05]} 14. Kb1 {[%emt 0:06:18] [#]} Qc6 $146 {[%emt 0:17:39]} ({Predecessor:} 14... a5 15. Ka1 a4 16. Bd3 a3 17. b3 Bd6 18. h4 O-O 19. h5 f5 20. gxf6 Nxf6 {1-0 (52) Postupa,P (2226)-Hosticka,F (2192) Prague 2015}) 15. h4 {[%emt 0:02:35]} g6 {[%emt 0:00:49]} 16. h5 {[%emt 0:01:40]} Bg7 {[%emt 0:01:16]} (16... Rg8 $16 17. Bd3 (17. hxg6 hxg6 18. Bd3 Bg7 $16) 17... a6 18. hxg6 hxg6) 17. Bd3 {[%emt 0:05:36]} Rg8 {[%emt 0:00:52]} 18. Rde1 {[%emt 0:11:31]} Nb6 {[%emt 0:06:14]} 19. b3 {[%emt 0:03:47]} Rc7 {[%emt 0:00:22]} 20. hxg6 {[%emt 0:03:00]} hxg6 {[%emt 0:00:08]} 21. Rh7 {[%emt 0:00:02]} Nc8 {[%emt 0:01:56]} 22. Rc1 {[%emt 0:12:21]} b5 {[%emt 0:13:23] [#]} 23. Bf4 {[%emt 0:00:14]} (23. Rch1 $1 $18 Ne7 24. Bf4) 23... Rb7 {[%emt 0:00:01]} 24. Rch1 {[%emt 0:05:31]} Bf8 {[%emt 0:10:33]} 25. Be5 {[%emt 0:03:05]} Nb6 {[%emt 0:00:02]} 26. Rh8 {[%emt 0:00:21]} Rxh8 {[%emt 0:00:06]} 27. Rxh8 $18 {[%emt 0:00:03]} ({Inferior is} 27. Bxh8 Nc4 $11) 27... Nd7 {[%emt 0:00:13]} 28. Bg7 {[%emt 0:01:30]} Qd6 {[%emt 0:00:28]} 29. Bh6 {[%emt 0:01:52]} Qh2 {[%emt 0:09:08]} 30. Kb2 {[%emt 0:02:44]} b4 {[%emt 0:05:51]} 31. c4 {[%emt 0:00:04]} Qd6 {[%emt 0:00:03]} 32. c5 {[%emt 0:00:28]} Qc7 {[%emt 0:00:43]} 33. Bxg6 {[%emt 0:00:20]} Nxc5 {[%emt 0:01:19]} 34. Rxf8+ {[%emt 0:00:04]} 1-0

[Event "POL-chT 1st League 2020"]
[Site "Ustron"]
[Date "2020.09.12"]
[Round "8.5"]
[White "Klepek, Witold"]
[Black "Kowalczyk, Pawel"]
[Result "0-1"]
[WhiteElo "2159"]
[BlackElo "2339"]
[Annotator "TA"]
[PlyCount "78"]
[EventDate "2020.09.05"]
[EventType "team-tourn"]
[EventCountry "POL"]
[SourceTitle "playchess.com"]
[Source "ChessBase"]
[SourceQuality "1"]
[WhiteTeam "SSz Gminy Pawlowice"]
[BlackTeam "UKS RODLO Opole"]

{[%evp 14,78,23,-24,-23,-23,-2,-22,-10,-23,0,0,22,0,74,47,71,8,0,0,60,48,50,-147,0,0,6,22,11,-173,-176,-176,-166,-164,-143,-196,-130,-195,-75,-232,-234,-223,-223,-332,-313,-331,-337,-332,-333,-477,-254,-473,-300,-301,-302,-278,-292,-353,-287,-537,-535,-680,-659,-643,-575,-619,-603]} 1. e4 c5 2. Nf3 e6 3. d4 cxd4 4. Nxd4 Nf6 5. Nc3 d6 6. g4 h6 7. h3 a6 {was the old line (7...Nc6).} 8. Be3 b5 {B81: Sicilian Scheveningen: Keres Attack.} 9. a3 Bb7 10. Bg2 Nbd7 {The position is equal.} 11. Qe2 Nc5 {[%cal Rc5e4]} 12. O-O-O {[#]} Rc8 $146 {[%cal Rc5e4]} ({Predecessor:} 12... Qc7 13. Rhe1 Be7 14. f4 Rc8 15. g5 Nfxe4 16. Nxe4 Bxe4 17. Bxe4 Nxe4 18. g6 O-O 19. gxf7+ Rxf7 20. Nxe6 {0-1 (36) Eric,J (2240)-Rakic,M (2323) Pirot 2013}) 13. Rhe1 Qa5 ({Reject} 13... Nfxe4 $6 {[#]} 14. Nxe6 $1 {[%mdl 512]} Nxe6 15. Nxe4 $16 (15. Bxe4 Bxe4 16. Nxe4 Be7 $16)) (13... Ncxe4 $11 14. Nxe4 Nxe4) 14. Bd2 Qc7 15. g5 (15. Kb1 $16) 15... hxg5 $11 16. Bxg5 Be7 (16... Nh7 $11 17. Be3 Be7) 17. f4 $14 Nh5 18. Nd5 $2 (18. Qf2 $14 {stays ahead.}) 18... Bxd5 $2 (18... exd5 $17 19. exd5 f6) 19. exd5 $11 Bxg5 20. fxg5 {[%cal Rd5e6]} e5 21. Qg4 $2 {[#]} (21. Nc6 $11 {and White stays safe.}) 21... Nb3+ $1 $19 {[%mdl 576] Double Attack, Pin} 22. Kb1 (22. Nxb3 Qxc2#) 22... Nxd4 23. Rxd4 Qxc2+ 24. Ka1 (24. Ka2 $17) 24... Qc7 ({Better is} 24... O-O $19 25. Be4 Qf2 {[%mdl 64] Double Attack}) 25. Rd2 (25. Rd3 $17 Qb7 26. Bf3) 25... Qd7 (25... g6 $19 {is more deadly. White must now prevent ...0-0.} 26. Be4 Qb8) 26. Qh4 $2 (26. Rf2 $17 {might work better.}) 26... g6 27. Bf3 {With the idea Bg4.} Rc4 28. Bg4 (28. Rd4 $142 Rc5 29. Rde4) 28... Qc7 {And now ...Rc1+ would win.} 29. Qf2 Nf4 30. Ka2 O-O 31. h4 (31. Re3 {was called for.}) 31... Qc5 (31... b4 $142 {aiming for ...bxa3.} 32. Re3 Rc1) 32. Qh2 $2 (32. Qxc5 {is a better defense.} Rxc5 33. Bd7) 32... Rd4 33. Rxd4 Qxd4 34. Rd1 Qc4+ 35. b3 Qe4 36. h5 $2 (36. Qd2) 36... gxh5 {Black is clearly winning.} 37. Rh1 Kg7 38. Bd7 Qxd5 39. Rg1 Qe4 {Accuracy: White = 33%, Black = 64%.} 0-1

[Event "POL-chT 1st League 2020"]
[Site "Ustron"]
[Date "2020.09.12"]
[Round "8.6"]
[White "Starosta, Martyna"]
[Black "Marcinczyk, Monika"]
[Result "0-1"]
[WhiteElo "2038"]
[BlackElo "1934"]
[Annotator "NA"]
[PlyCount "98"]
[EventDate "2020.09.05"]
[EventType "team-tourn"]
[EventCountry "POL"]
[SourceTitle "playchess.com"]
[Source "ChessBase"]
[SourceQuality "1"]
[WhiteTeam "UKS RODLO Opole"]
[BlackTeam "SSz Gminy Pawlowice"]
[TimeControl "40/5400+30:1800+30"]

1. e4 {[%emt 0:00:00]} c5 {[%emt 0:00:00]} 2. Nf3 {[%emt 0:00:00]} Nc6 {[%emt 0:00:00]} 3. d4 {[%emt 0:00:00]} cxd4 {[%emt 0:00:00]} 4. Nxd4 {[%emt 0:00:00]} g6 {[%emt 0:00:00]} 5. c4 {[%emt 0:00:00]} Bg7 {[%emt 0:00:00]} 6. Be3 {[%emt 0:00:01]} Nf6 {[%emt 0:00:10]} 7. Nc3 {[%emt 0:00:09]} O-O {[%emt 0:00:25]} 8. Be2 {[%emt 0:00:09]} d6 {[%emt 0:00:20]} 9. f3 {[%emt 0:00:06]} Bd7 {[%emt 0:01:39]} 10. Qd2 {[%emt 0:00:27]} Nxd4 {[%emt 0:03:37]} 11. Bxd4 {[%emt 0:00:14]} a5 {[%emt 0:00:06] outshines the older 11...Bc6. B38: Sicilian: Maroczy Bind with 5...Bg7 and 7...0-0.} 12. g4 {[%emt 0:05:45]} Bc6 {[%emt 0:02:50]} 13. O-O-O {[%emt 0:00:32] [#]} Qc7 $146 {[%emt 0:12:00]} ({Predecessor:} 13... a4 14. h4 Qa5 15. h5 Rfc8 16. Kb1 Bd7 17. hxg6 hxg6 18. Bxf6 Bxf6 19. Nd5 Qxd2 20. Rxd2 {1-0 (31) Srija,S (2306)-Dhyana,P (1900) Managiri 2019}) 14. Kb1 {[%emt 0:02:33]} Rfd8 {[%emt 0:01:16]} 15. Qe3 {[%emt 0:04:57]} Rd7 {[%emt 0:06:40]} 16. h4 {[%emt 0:02:57]} e6 {[%emt 0:16:51]} 17. Bb6 {[%emt 0:06:28]} Qc8 {[%emt 0:06:12]} 18. h5 {[%emt 0:07:20]} Ne8 {[%emt 0:11:43]} 19. hxg6 {[%emt 0:03:12]} fxg6 {[%emt 0:01:07]} 20. c5 {[%emt 0:03:28]} dxc5 {[%emt 0:04:52]} 21. Qxc5 {[%emt 0:07:03]} Nf6 {[%emt 0:04:12]} 22. Bc4 {[%emt 0:05:02]} Qe8 {[%emt 0:01:13]} 23. Bxa5 {[%emt 0:23:47]} b5 {[%emt 0:08:51]} 24. Bb3 {[%emt 0:16:22]} Rxa5 {[%emt 0:01:33]} 25. e5 {[%emt 0:01:24]} Bxf3 {[%emt 0:08:44]} 26. exf6 {[%emt 0:06:12]} Rxd1+ {[%emt 0:05:27]} 27. Rxd1 {[%emt 0:00:01]} Bxd1 {[%emt 0:00:26]} 28. Qc7 {[%emt 0:01:29]} Bxf6 {[%emt 0:00:41]} 29. Ne4 {[%emt 0:02:03]} Bd8 {[%emt 0:01:09]} 30. Bxe6+ {[%emt 0:00:14]} Qxe6 {[%emt 0:00:28]} 31. Qxd8+ {[%emt 0:00:03]} Kg7 {[%emt 0:00:14]} 32. Qd4+ {[%emt 0:02:05]} Kf8 {[%emt 0:01:13]} 33. Qh8+ {[%emt 0:00:57]} Qg8 {[%emt 0:00:20]} 34. Qf6+ {[%emt 0:00:11]} Qf7 {[%emt 0:00:29]} 35. Qh8+ $11 {[%emt 0:00:41]} Ke7 {[%emt 0:00:36]} 36. Qe5+ {[%emt 0:00:03]} Qe6 {[%emt 0:00:54]} 37. Qg7+ {[%emt 0:00:37]} Kd8 {[%emt 0:00:32]} 38. Qd4+ {[%emt 0:00:40]} Kc7 {[%emt 0:00:33]} 39. Qc5+ {[%emt 0:01:07]} Qc6 {[%emt 0:00:44]} 40. Qe5+ {[%emt 0:00:00]} Kb7 {[%emt 0:00:00]} 41. Qe7+ {[%emt 0:13:21]} Kb6 {[%emt 0:04:04]} 42. Qd8+ {[%emt 0:00:25]} Ka6 {[%emt 0:00:58]} 43. Nc5+ {[%emt 0:00:39]} Qxc5 {[%emt 0:00:51]} 44. Qa8+ {[%emt 0:00:08]} Kb6 {[%emt 0:00:12]} 45. Qb8+ {[%emt 0:00:06]} Kc6 {[%emt 0:00:09]} 46. Qe8+ {[%emt 0:00:39]} Kb7 {[%emt 0:02:03]} 47. Qd7+ {[%emt 0:00:18]} Qc7 {[%emt 0:00:13]} 48. Qd5+ {[%emt 0:00:09]} Qc6 {[%emt 0:00:18]} 49. Qf7+ {[%emt 0:00:50]} Ka6 {[%emt 0:00:12]} 0-1

[Event "POL-chT 1st League 2020"]
[Site "Ustron"]
[Date "2020.09.12"]
[Round "8.7"]
[White "Szpar, Milosz"]
[Black "Szwed, Jacek"]
[Result "1-0"]
[WhiteElo "2397"]
[BlackElo "2380"]
[Annotator "TA"]
[PlyCount "61"]
[EventDate "2020.09.05"]
[EventType "team-tourn"]
[EventCountry "POL"]
[SourceTitle "playchess.com"]
[Source "ChessBase"]
[SourceQuality "1"]
[WhiteTeam "LKSz GCKiP Czarna"]
[BlackTeam "MKSz Rybnik"]

{[%evp 11,61,0,22,0,7,8,28,26,37,37,36,30,39,39,33,37,37,37,44,42,42,33,39,48,37,35,65,28,45,45,109,100,88,44,379,360,502,506,508,493,478,479,633,634,634,627,676,584,657,647,617,599]} 1. e4 e6 2. f4 d5 3. e5 c5 4. Nf3 Nc6 5. c3 Nge7 6. Na3 Nf5 7. Nc2 {C00: French: Unusual White 2nd moves.} Bd7 8. Bd3 g6 9. O-O {White has an edge.} h5 10. Bxf5 gxf5 11. d4 {[#]} cxd4 $146 ({Predecessor:} 11... Qc7 12. Be3 c4 13. Bf2 O-O-O 14. b3 Ne7 15. Bh4 Kb8 16. Bf6 Rh6 17. b4 Rc8 {½-½ (39) Sedina,E (2356)-Socko,M (2505) Plovdiv 2008}) 12. Ncxd4 Nxd4 13. Nxd4 Qb6 14. Rf2 Qa6 15. a4 Qc4 16. Rf3 Be7 17. Rh3 h4 18. b3 Qa6 19. Be3 Rg8 20. Qe1 Qd3 (20... O-O-O $14) 21. Kh1 $16 Rc8 22. Bd2 Qe4 $2 {[%mdl 8192] [#] Black cannot hold the game after this.} (22... Qa6 $1 $14) 23. Qf1 $1 $18 Bc5 24. Re1 {White is clearly winning.} Bxd4 25. Rxe4 dxe4 26. cxd4 e3 27. Rxe3 Bc6 28. Rc3 h3 {[%cal Rh3g2]} 29. Rxh3 Bxg2+ 30. Qxg2 Rxg2 31. Kxg2 {Accuracy: White = 88%, Black = 56%.} 1-0

[Event "POL-chT 1st League 2020"]
[Site "Ustron"]
[Date "2020.09.12"]
[Round "8.8"]
[White "Zylka, Stanislaw"]
[Black "Mis, Mieszko"]
[Result "1-0"]
[WhiteElo "2377"]
[BlackElo "2350"]
[Annotator "TA"]
[PlyCount "71"]
[EventDate "2020.09.05"]
[EventType "team-tourn"]
[EventCountry "POL"]
[SourceTitle "playchess.com"]
[Source "ChessBase"]
[SourceQuality "1"]
[WhiteTeam "MKSz Rybnik"]
[BlackTeam "LKSz GCKiP Czarna"]

{[%evp 10,70,22,21,46,22,28,0,0,0,0,-39,17,16,31,20,72,74,91,77,66,78,71,77,320,335,335,329,320,330,378,373,366,366,377,381,370,381,361,369,581,517,698,682,655,296,329,247,264,252,691,661,661,655,1664,1596,1665,1646,29993,29994,29998,29999,29999]} 1. d4 Nf6 2. Nf3 e6 3. g3 d5 4. c4 dxc4 5. Bg2 Bb4+ 6. Bd2 c5 {E04: Open Catalan: 5 Nf3.} 7. O-O O-O 8. dxc5 Bxc5 {The position is equal.} 9. Qc2 Nbd7 10. a4 Qc7 (10... b6 $15) 11. Na3 $11 Bxa3 12. Rxa3 {[#]} b6 $146 {[#]} (12... a5 $11) ({Predecessor:} 12... Rb8 13. Rd1 b6 14. Nd4 Ba6 15. Bb4 Nc5 16. Nb5 Bxb5 17. axb5 Rfd8 {1-0 (44) Unuk,L (2247)-Virkud,A (2041) Durban 2014}) 13. Bf4 $1 $16 {[%cal Rf4c7]} Qc5 14. Ng5 Ba6 15. Bxa8 Rxa8 16. Rd1 $36 {[%mdl 2048] White is in control.} e5 $2 {[#] This move loses the game for Black.} (16... Qc6 $16) 17. Rxd7 $1 $18 {[%mdl 512]} exf4 (17... Nxd7 18. Qxh7+) 18. Ne4 Qc6 19. Nxf6+ Qxf6 {[#]} 20. Qe4 $1 Rf8 21. Qxf4 Qxb2 22. Rf3 {[%cal Rf4f7] White wants to mate with Qxf7+!} Qb1+ {[#]} 23. Kg2 $1 {[%cal Rf4f7] White threatens Qxf7+! and mate.} Qg6 24. Rxa7 b5 (24... Bc8 {was called for.} 25. Qxc4 Be6) 25. Qf5 b4 26. Qa5 Bc8 {[#]} 27. Qxb4 (27. Raxf7 $142 $1 {[%csl Gf3][%cal Rf7f8][%mdl 512]} Re8 (27... Rxf7 28. Qd8+) 28. Qxb4) 27... Qe4 28. h3 Be6 29. Rb7 {Threatens to win with Rb8.} Qe5 $2 (29... h5 30. Rb5 g6) 30. Re3 Qd5+ 31. f3 Qf5 32. g4 Qf4 33. Re4 Qc1 34. Rb8 {[%csl Gb4][%cal Rb8f8] White mates.} Bc8 {[#]} 35. Qxf8+ $1 {[%mdl 576] Remove Defender, Back Rank} Kxf8 36. Rxc8# {Accuracy: White = 81%, Black = 41%.} 1-0